Návrh vnútorných osvetľovacích sústav s inteligentným riadením

Saved in:
Bibliographic Details
Main Author: Grigeľ, Juraj (Author)
Other Authors: Dubnička, Roman (Thesis advisor)
Format: Manuscript Book
Language:Slovak
Published: Bratislava : STU v Bratislave FEI, 2020
Subjects:
Online Access:https://opac.crzp.sk/?fn=detailBiblioForm&sid=F0D9EA643ED4040314EC1F1BE0B8&seo=CRZP-detail-kniha
Tags: Add Tag
No Tags, Be the first to tag this record!

MARC

LEADER 00000ntm a22000003a 4500
001 stuzp78379
003 SK-STU
005 20200731103455.1
007 ta
008 150427s2015----xo-----f-mn---000-0-slo-d
040 |a STU  |b slo 
041 0 |a slo 
044 |a xo 
100 1 |a Grigeľ, Juraj  |u 032000  |4 aut  |U FEI Fakulta elektrotechniky a informatiky  |T FEI Ústav elektroenergetiky a aplikovanej elektrotechniky  |X 74490  |U E020  |Y 548  |7 74490 
242 0 1 |a Lighting design of indoor smart lighting systems  |y eng 
245 1 0 |a Návrh vnútorných osvetľovacích sústav s inteligentným riadením 
260 |c Bratislava :  |c STU v Bratislave FEI,  |c 2020 
300 |a 91 s. 
650 4 |a Osvetľovacia sústava  |2 slo 
650 4 |a Denné osvetlenie  |2 slo 
650 4 |a Návrh  |2 slo 
650 4 |a Osvetlenosť  |2 slo 
650 4 |a Riadenie  |2 slo 
650 4 |a Lighting system  |2 eng 
650 4 |a Day lighting  |2 eng 
650 4 |a Design  |2 eng 
650 4 |a Illuminance  |2 eng 
650 4 |a Control  |2 eng 
700 1 |a Dubnička, Roman  |u 032000  |k Z2  |4 ths  |U FEI Fakulta elektrotechniky a informatiky  |T FEI Ústav elektroenergetiky a aplikovanej elektrotechniky  |X 53309  |U E020  |Y 548  |7 A000053309 
856 4 |u https://opac.crzp.sk/?fn=detailBiblioForm&sid=F0D9EA643ED4040314EC1F1BE0B8&seo=CRZP-detail-kniha